[Event "FBL 1"]
[Site "?"]
[Date "2019.02.10"]
[Round "8.4"]
[White "Mader, Manuela"]
[Black "Dirmeier, Carolin"]
[Result "1/2-1/2"]
[WhiteElo "2168"]
[BlackElo "1934"]
[PlyCount "91"]
[EventDate "2018.10.27"]
[EventType "team-tourn"]
[EventCountry "GER"]
[WhiteTeam "Karlsruher SF"]
[BlackTeam "Muenchen FC Bayern"]
[WhiteTeamCountry "GER"]
[BlackTeamCountry "GER"]

1. e4 c5 2. c3 g6 3. d4 cxd4 4. cxd4 d5 5. Nc3 dxe4 6. Bc4 Bg7 7. Qb3 e6 8. d5
exd5 9. Bxd5 Qe7 10. Nge2 Nf6 11. Bg5 O-O 12. O-O Nbd7 13. Nxe4 h6 14. Bxf6
Nxf6 15. Nxf6+ Bxf6 16. Rfe1 Kg7 17. Nf4 Qc5 18. Rac1 Qa5 19. Qg3 Bg5 20. Rcd1
Qa4 21. Nd3 Qb5 22. Ne5 Bf5 23. Nc4 Rad8 24. Nd6 Rxd6 25. Qxd6 Rd8 26. a4 Rxd6
27. axb5 Bc2 28. Rd4 Bb3 29. Rd3 Bc2 30. Rc3 Bd2 31. Rxc2 Bxe1 32. Bxb7 Rd2 33.
Rxd2 Bxd2 34. Kf1 f5 35. Ke2 Ba5 36. Kd3 Kf6 37. Bc6 Ke5 38. Be8 g5 39. Bd7 Bb6
40. f3 Bg1 41. h3 Bb6 42. b3 Kf4 43. Ke2 Ke5 44. g4 fxg4 45. hxg4 Bc5 46. Kd3
1/2-1/2

[Event "FBL 1"]
[Site "?"]
[Date "2019.02.10"]
[Round "8.5"]
[White "Schenk, Stefanie"]
[Black "Rubina, Tatiana"]
[Result "0-1"]
[WhiteElo "2074"]
[BlackElo "1995"]
[PlyCount "106"]
[EventDate "2018.10.27"]
[EventType "team-tourn"]
[EventCountry "GER"]
[WhiteTeam "Muenchen FC Bayern"]
[BlackTeam "Karlsruher SF"]
[WhiteTeamCountry "GER"]
[BlackTeamCountry "GER"]

1. Nf3 Nf6 2. g3 d5 3. Bg2 e6 4. O-O Be7 5. d3 O-O 6. Nbd2 c5 7. e4 Nc6 8. Re1
Qc7 9. e5 Nd7 10. Qe2 b5 11. Nf1 Bb7 12. Bf4 c4 13. d4 b4 14. c3 bxc3 15. bxc3
Qa5 16. Qc2 Nb6 17. Ng5 g6 18. h4 Qa4 19. Qe2 Qa3 20. Rec1 Na4 21. Qf3 Rab8 22.
Nh3 Rfc8 23. h5 Ba6 24. Bh6 Bd8 25. Ng5 Rc7 26. Bh3 Bxg5 27. Bxg5 Nxd4 28. Qf6
Ne2+ 29. Kh2 Qf8 30. Rcb1 Rcb7 31. Rxb7 Bxb7 32. Ne3 Nexc3 33. Ng4 Ne4 34. Qf4
Nxg5 35. Qxg5 Nc5 36. Nf6+ Kh8 37. hxg6 fxg6 38. Rd1 Ne4 39. Nxe4 dxe4 40. Qf6+
Qxf6 41. exf6 Bd5 42. Kg1 Kg8 43. Kf1 Rb2 44. a3 Kf7 45. Rc1 Kxf6 46. Bg4 Ke5
47. Be2 Kd4 48. Ke1 Ra2 49. Rd1+ Kc5 50. Rb1 Rxa3 51. Rb8 Kd4 52. Rh8 c3 53.
Bd1 Ra1 0-1

[Event "FBL 1"]
[Site "?"]
[Date "2019.02.10"]
[Round "8.6"]
[White "Scheynin, Julia"]
[Black "Ankerst, Milka"]
[Result "1-0"]
[WhiteElo "2015"]
[BlackElo "2008"]
[PlyCount "69"]
[EventDate "2018.10.27"]
[EventType "team-tourn"]
[EventCountry "GER"]
[WhiteTeam "Karlsruher SF"]
[BlackTeam "Muenchen FC Bayern"]
[WhiteTeamCountry "GER"]
[BlackTeamCountry "GER"]

1. e4 c5 2. Nc3 Nc6 3. d3 g6 4. g3 Bg7 5. Bg2 e6 6. f4 d6 7. Nf3 Nge7 8. O-O
O-O 9. Bd2 Rb8 10. Rb1 b5 11. a3 b4 12. axb4 Nxb4 13. b3 Qc7 14. Ne2 Qb6 15.
Kh1 Bd7 16. Bc3 Rfd8 17. Bxg7 Kxg7 18. Qd2 Nbc6 19. Qc3+ f6 20. g4 d5 21. g5 d4
22. gxf6+ Kxf6 23. Qe1 Kg7 24. Qh4 Ng8 25. Bh3 Rf8 26. Ng5 h6 27. Nxe6+ Bxe6
28. Bxe6 Qd8 29. Qh3 Nf6 30. Rg1 Kh7 31. f5 Ne5 32. fxg6+ Nxg6 33. Rxg6 Kxg6
34. Rg1+ Kh7 35. Bf5+ 1-0

[Event "FBL 1"]
[Site "?"]
[Date "2019.02.10"]
[Round "8.1"]
[White "Javakhishvili, Lela"]
[Black "Girya, Olga"]
[Result "1/2-1/2"]
[WhiteElo "2452"]
[BlackElo "2457"]
[PlyCount "66"]
[EventDate "2018.10.27"]
[EventType "team-tourn"]
[EventCountry "GER"]
[WhiteTeam "Schwaebisch Hall SK"]
[BlackTeam "Koenigshofen SC"]
[WhiteTeamCountry "GER"]
[BlackTeamCountry "GER"]

1. d4 Nf6 2. c4 e6 3. Nf3 d5 4. g3 Bb4+ 5. Bd2 Be7 6. Bg2 O-O 7. O-O Nbd7 8.
Qc2 c6 9. Bf4 b6 10. Rc1 Bb7 11. cxd5 Nxd5 12. Nc3 Nxf4 13. gxf4 Rc8 14. Rd1
Qc7 15. e3 Rfd8 16. Rac1 Qb8 17. a3 Nf6 18. Ne5 c5 19. dxc5 Bxg2 20. Rxd8+ Rxd8
21. Kxg2 bxc5 22. Rd1 Qb7+ 23. Kg1 Rxd1+ 24. Nxd1 Nd7 25. Nxd7 Qxd7 26. Nc3 f5
27. Qe2 Bf6 28. Qc4 Bxc3 29. Qxc3 Qd1+ 30. Kg2 Qg4+ 31. Kf1 Qd1+ 32. Kg2 Qg4+
33. Kf1 Qd1+ 1/2-1/2

[Event "FBL 1"]
[Site "?"]
[Date "2019.02.10"]
[Round "8.3"]
[White "Cornette, Deimante"]
[Black "Melamed, Tatjana"]
[Result "1-0"]
[WhiteElo "2449"]
[BlackElo "2370"]
[PlyCount "143"]
[EventDate "2018.10.27"]
[EventType "team-tourn"]
[EventCountry "GER"]
[WhiteTeam "Schwaebisch Hall SK"]
[BlackTeam "Koenigshofen SC"]
[WhiteTeamCountry "GER"]
[BlackTeamCountry "GER"]

1. e4 c5 2. Nf3 e6 3. d4 cxd4 4. Nxd4 Nc6 5. Nc3 Nf6 6. Nxc6 bxc6 7. e5 Nd5 8.
Ne4 Qc7 9. f4 Qb6 10. c4 Bb4+ 11. Ke2 f5 12. exf6 Nxf6 13. Be3 Qd8 14. Nd6+
Bxd6 15. Qxd6 Bb7 16. Rd1 Rc8 17. g4 c5 18. Rg1 Rc6 19. Qe5 O-O 20. g5 Nh5 21.
Bh3 d6 22. Qxe6+ Kh8 23. Rgf1 Bc8 24. Qd5 Bxh3 25. Qxc6 Bg4+ 26. Ke1 Bxd1 27.
Kxd1 Qe7 28. Bd2 Qe6 29. b3 h6 30. Qf3 Nxf4 31. Bxf4 hxg5 32. Qh5+ Kg8 33. Qxg5
Qe4 34. Kc1 Qd4 35. Rf3 Qe4 36. Qg3 Rf6 37. h4 Qd4 38. Bd2 Qa1+ 39. Kc2 Qxa2+
40. Kd1 Qa1+ 41. Ke2 Re6+ 42. Re3 Rf6 43. Qg2 Rf5 44. Qh3 Rf8 45. Qe6+ Kh8 46.
Rf3 Rxf3 47. Qe8+ Kh7 48. Qh5+ Kg8 49. Qxf3 Qe5+ 50. Kd3 Qb2 51. Ke2 Qe5+ 52.
Qe3 Qh5+ 53. Kd3 Qd1 54. Kc3 Qa1+ 55. Kc2 Qa2+ 56. Kd1 Qb1+ 57. Ke2 Qg6 58. Qf4
Qg2+ 59. Kd1 Qg6 60. Kc1 Qd3 61. Qe3 Qf1+ 62. Kb2 Qf6+ 63. Bc3 Qxh4 64. Qe6+
Kh7 65. Qxd6 Qf2+ 66. Ka3 Qg1 67. Qe5 Kh6 68. Ka4 g5 69. Bd2 Kh7 70. Qf5+ Kh8
71. Bc3+ Kg8 72. Qf6 1-0

[Event "FBL 1"]
[Site "?"]
[Date "2019.02.10"]
[Round "8.4"]
[White "Savina, Anastasia"]
[Black "Atalik, Ekaterina"]
[Result "1/2-1/2"]
[WhiteElo "2346"]
[BlackElo "2451"]
[PlyCount "98"]
[EventDate "2018.10.27"]
[EventType "team-tourn"]
[EventCountry "GER"]
[WhiteTeam "Koenigshofen SC"]
[BlackTeam "Schwaebisch Hall SK"]
[WhiteTeamCountry "GER"]
[BlackTeamCountry "GER"]

1. d4 Nf6 2. c4 g6 3. Nc3 d5 4. cxd5 Nxd5 5. e4 Nxc3 6. bxc3 Bg7 7. Bc4 c5 8.
Ne2 Nc6 9. Be3 O-O 10. O-O Bd7 11. Rb1 Qc7 12. Bd3 Rad8 13. Qc1 a6 14. Qa3 Qa5
15. Qxa5 Nxa5 16. d5 Rc8 17. Rb6 f5 18. exf5 Bxf5 19. Bxf5 Rxf5 20. Nf4 Bxc3
21. Rc1 Nc4 22. Rxb7 Nxe3 23. Rxc3 Nxd5 24. Nxd5 Rxd5 25. g3 Re5 26. Rb6 Re2
27. Rxa6 Rf8 28. Re3 Rfxf2 29. Rxe7 Rg2+ 30. Kf1 Ref2+ 31. Ke1 Rxa2 32. Rxa2
Rxa2 33. Rc7 Rc2 34. Kd1 Rxh2 35. Rxc5 Rg2 36. Rc3 Rf2 37. Ke1 Rf7 38. Ke2 Kg7
39. Ke3 g5 40. Ke2 Kg6 41. g4 Rf4 42. Rc6+ Rf6 43. Rc1 h6 44. Ra1 h5 45. gxh5+
Kxh5 46. Rh1+ Kg6 47. Rf1 Rxf1 48. Kxf1 Kf5 49. Kg1 g4 1/2-1/2

[Event "FBL 1"]
[Site "?"]
[Date "2019.02.10"]
[Round "8.6"]
[White "Belenkaya, Dina"]
[Black "Ambartsumova, Karina"]
[Result "1/2-1/2"]
[WhiteElo "2364"]
[BlackElo "2396"]
[PlyCount "99"]
[EventDate "2018.10.27"]
[EventType "team-tourn"]
[EventCountry "GER"]
[WhiteTeam "Koenigshofen SC"]
[BlackTeam "Schwaebisch Hall SK"]
[WhiteTeamCountry "GER"]
[BlackTeamCountry "GER"]

1. e4 e5 2. Nf3 Nc6 3. Nc3 Nf6 4. d4 exd4 5. Nxd4 Bb4 6. Nxc6 bxc6 7. Bd3 O-O
8. O-O d5 9. exd5 cxd5 10. Bg5 c6 11. Qf3 Rb8 12. Bxf6 Qxf6 13. Qxf6 gxf6 14.
Ne2 Bd6 15. b3 Be6 16. Ng3 Rfd8 17. Rae1 c5 18. Re3 Be5 19. Bf5 Rb4 20. Rd1 Rd6
21. Kf1 Rf4 22. Bxe6 fxe6 23. Ne2 Rh4 24. g3 Rxh2 25. Kg1 Rh6 26. c3 Ra6 27. f4
Bc7 28. f5 Kf7 29. Nc1 Rh5 30. Rf3 Rg5 31. Kg2 Be5 32. a4 Rb6 33. Nd3 Rxb3 34.
fxe6+ Ke7 35. Nxc5 Rxc3 36. Rxd5 Rxg3+ 37. Rxg3 Rxg3+ 38. Kf2 Rc3 39. Rd7+ Ke8
40. Nd3 Rc6 41. Nxe5 fxe5 42. Rxa7 Rxe6 43. Rxh7 Ra6 44. Rh4 Kd7 45. Rh7+ Kc6
46. Rh6+ Kb7 47. Rxa6 Kxa6 48. Ke3 Ka5 49. Ke4 Kxa4 50. Kxe5 1/2-1/2

[Event "FBL 1"]
[Site "?"]
[Date "2019.03.01"]
[Round "9.3"]
[White "Duessler, Stefanie"]
[Black "Wagner Michel, Annett"]
[Result "1/2-1/2"]
[WhiteElo "2105"]
[BlackElo "2059"]
[PlyCount "149"]
[EventDate "2018.10.27"]
[EventType "team-tourn"]
[EventCountry "GER"]
[WhiteTeam "Lehrte SK"]
[BlackTeam "Berlin SC Rotation Pankow"]
[WhiteTeamCountry "GER"]
[BlackTeamCountry "GER"]

1. e4 c5 2. Nf3 Nc6 3. d4 cxd4 4. Nxd4 Nf6 5. Nc3 d6 6. Bg5 a6 7. Qd2 h6 8. Bh4
g5 9. Bg3 e5 10. Nxc6 bxc6 11. O-O-O Be6 12. h4 g4 13. f3 Qa5 14. b3 Be7 15.
Na4 Qxd2+ 16. Rxd2 Nd7 17. c4 f5 18. exf5 Bxf5 19. Bd3 Bxd3 20. Rxd3 h5 21. Re1
gxf3 22. gxf3 O-O-O 23. f4 Rhg8 24. Re2 Rg4 25. fxe5 Nxe5 26. Rde3 Bxh4 27.
Bxh4 Rxh4 28. c5 Rd4 29. Kc2 Nd7 30. Re6 Kc7 31. Rh6 Nxc5 32. Nxc5 dxc5 33.
Rxh5 R4d5 34. Rh6 R8d6 35. Rh7+ Rd7 36. Rh6 Rd4 37. Kc3 Rd3+ 38. Kc2 R3d6 39.
Rh3 Kb6 40. Kc3 Rd1 41. Rh8 R1d3+ 42. Kc2 R3d4 43. Rh6 c4 44. Ree6 cxb3+ 45.
axb3 Rc7 46. Kc3 Rd5 47. Re8 Rc5+ 48. Kb4 Rb5+ 49. Kc4 Rf7 50. Re3 Rf4+ 51. Kc3
Rc5+ 52. Kb2 Rf2+ 53. Ka3 a5 54. b4 axb4+ 55. Kxb4 Rb2+ 56. Ka3 Rb1 57. Rb3+
Rxb3+ 58. Kxb3 Kb5 59. Rh3 Rg5 60. Kc3 c5 61. Rf3 Rg1 62. Rh3 Rc1+ 63. Kb2 Rc4
64. Kb3 Rb4+ 65. Kc3 Ra4 66. Rh8 Ra3+ 67. Kb2 Rg3 68. Rh4 c4 69. Rh8 Rd3 70.
Rb8+ Kc5 71. Kc2 Rf3 72. Rc8+ Kd4 73. Rd8+ Kc5 74. Rc8+ Kd4 75. Rd8+ 1/2-1/2

[Event "FBL 1"]
[Site "?"]
[Date "2019.03.01"]
[Round "9.2"]
[White "Cornette, Deimante"]
[Black "Shvayger, Yuliya"]
[Result "1-0"]
[WhiteElo "2457"]
[BlackElo "2368"]
[PlyCount "55"]
[EventDate "2018.10.27"]
[EventType "team-tourn"]
[EventCountry "GER"]
[WhiteTeam "Schwaebisch Hall SK"]
[BlackTeam "Deizisau SF"]
[WhiteTeamCountry "GER"]
[BlackTeamCountry "GER"]

1. e4 c5 2. Nf3 e6 3. d4 cxd4 4. Nxd4 Nf6 5. Nc3 Nc6 6. g3 d5 7. Bg2 Bb4 8.
exd5 Nxd5 9. O-O Bxc3 10. Nxc6 bxc6 11. bxc3 Ba6 12. Re1 O-O 13. c4 Bxc4 14.
Qg4 Ba6 15. Ba3 Re8 16. Bb2 f6 17. Rxe6 Rb8 18. Rae1 Rf8 19. Ba3 Bc8 20. Bxf8
Qxf8 21. Qe2 Bxe6 22. Qxe6+ Kh8 23. Qxc6 Nb4 24. Qa4 Qf7 25. a3 Na2 26. Qc6 Qf8
27. Qc4 Qxa3 28. Ra1 1-0

[Event "FBL 1"]
[Site "?"]
[Date "2019.03.01"]
[Round "9.1"]
[White "Unuk, Laura"]
[Black "Khademalsharieh, Sarasadat"]
[Result "0-1"]
[WhiteElo "2266"]
[BlackElo "2482"]
[PlyCount "68"]
[EventDate "2018.10.27"]
[EventType "team-tourn"]
[EventCountry "GER"]
[WhiteTeam "Norderstedt TuRa Harksheide"]
[BlackTeam "Hamburger SK"]
[WhiteTeamCountry "GER"]
[BlackTeamCountry "GER"]

1. d4 Nf6 2. c4 e6 3. Nc3 Bb4 4. e3 d5 5. Nf3 O-O 6. Bd2 c5 7. a3 cxd4 8. axb4
dxc3 9. Bxc3 Ne4 10. Qd4 Nxc3 11. Qxc3 dxc4 12. Bxc4 Nd7 13. O-O Nb6 14. Rfd1
Qe7 15. Bb3 Bd7 16. Qc5 Qf6 17. Ne5 Rfc8 18. Qd6 Bc6 19. Rd4 Bd5 20. Bxd5 Nxd5
21. Nd7 Qd8 22. Rg4 h5 23. Rg3 Rc6 24. Qe5 f6 25. Qxh5 Qxd7 26. Rh3 Rac8 27.
Rf1 Rc1 28. Qh7+ Kf8 29. Qg6 Ne7 30. Rh8+ Ng8 31. g3 Rxf1+ 32. Kxf1 Qb5+ 33.
Kg2 Qf5 34. Qxf5 exf5 0-1

[Event "FBL 1"]
[Site "?"]
[Date "2019.03.01"]
[Round "9.5"]
[White "Stangl, Anita"]
[Black "Korenova, Martina"]
[Result "1-0"]
[WhiteElo "2008"]
[BlackElo "2172"]
[PlyCount "71"]
[EventDate "2018.10.27"]
[EventType "team-tourn"]
[EventCountry "GER"]
[WhiteTeam "Muenchen FC Bayern"]
[BlackTeam "Rodewischer Schachmiezen"]
[WhiteTeamCountry "GER"]
[BlackTeamCountry "GER"]

1. e4 g6 2. d4 Bg7 3. Nc3 d6 4. Be3 Nf6 5. f3 O-O 6. Qd2 e5 7. Nge2 c6 8. O-O-O
Qa5 9. g4 b5 10. a3 Na6 11. h4 b4 12. Nb1 h5 13. gxh5 Nxh5 14. Rg1 Rb8 15. Ng3
Nf4 16. h5 Bh6 17. hxg6 fxg6 18. Nh5 Kh7 19. Nxf4 exf4 20. Bf2 Qb6 21. d5 c5
22. a4 Bd7 23. b3 Nc7 24. Bc4 Ne8 25. Bh4 Ng7 26. Qh2 Nh5 27. Rg2 Be8 28. Rdg1
Qc7 29. Bd3 Ng3 30. Bg5 Qg7 31. Qh4 Bd7 32. Rh2 Nh5 33. Be7 Rf6 34. Bxf6 Qxf6
35. Qxf6 Nxf6 36. e5 1-0

[Event "FBL 1"]
[Site "?"]
[Date "2019.03.02"]
[Round "10.2"]
[White "Cmilyte, Viktorija"]
[Black "Schleining, Zoya"]
[Result "1/2-1/2"]
[WhiteElo "2542"]
[BlackElo "2344"]
[PlyCount "83"]
[EventDate "2018.10.27"]
[EventType "team-tourn"]
[EventCountry "GER"]
[WhiteTeam "Baden Baden OSG"]
[BlackTeam "Deizisau SF"]
[WhiteTeamCountry "GER"]
[BlackTeamCountry "GER"]

1. d4 Nf6 2. c4 e6 3. Nf3 b6 4. g3 Bb4+ 5. Nbd2 O-O 6. Bg2 d5 7. O-O a5 8. Qc2
Ba6 9. Ne5 c6 10. Rd1 Be7 11. b3 Ra7 12. Bb2 Rc7 13. Rac1 Bd6 14. e4 Bb4 15.
cxd5 exd5 16. exd5 Nxd5 17. Ndc4 Re8 18. a3 Bf8 19. Qf5 Bc8 20. Qf3 Be6 21. Re1
f6 22. Nd3 Rce7 23. h3 Bf7 24. Rxe7 Rxe7 25. a4 Re8 26. Nd2 Qd7 27. Nc4 Na6 28.
Nf4 Nab4 29. Nxd5 Nxd5 30. Qd3 Bg6 31. Qf1 Be4 32. Nd2 Bxg2 33. Kxg2 Nb4 34.
Qc4+ Qd5+ 35. Nf3 Re6 36. Ba3 Qxc4 37. Rxc4 Nd5 38. Bxf8 Kxf8 39. Rc1 Ke7 40.
Ne1 Nb4 41. Kf3 Kd6 42. Ng2 1/2-1/2

[Event "FBL 1"]
[Site "?"]
[Date "2019.03.02"]
[Round "10.3"]
[White "Klek, Hanna Marie"]
[Black "Stefanova, Antoaneta"]
[Result "1/2-1/2"]
[WhiteElo "2313"]
[BlackElo "2493"]
[PlyCount "65"]
[EventDate "2018.10.27"]
[EventType "team-tourn"]
[EventCountry "GER"]
[WhiteTeam "Deizisau SF"]
[BlackTeam "Baden Baden OSG"]
[WhiteTeamCountry "GER"]
[BlackTeamCountry "GER"]

1. d4 d5 2. c4 e6 3. Nc3 c6 4. Bf4 dxc4 5. e4 b5 6. a4 Bb4 7. g3 Nd7 8. Bg2 Nb6
9. axb5 cxb5 10. Nge2 Bb7 11. O-O Qd7 12. Be5 f6 13. Bf4 Ne7 14. Na2 Ba5 15.
Nac1 Na4 16. Qc2 Bb6 17. b3 cxb3 18. Qxb3 O-O 19. Nd3 Bxd4 20. Nxd4 Qxd4 21.
Qxb5 Nb6 22. Nc5 Bc6 23. Qa5 e5 24. Be3 Qc4 25. Rfc1 Qf7 26. Bh3 f5 27. Qc3 Qh5
28. Qxe5 Qxh3 29. Qxe7 Rae8 30. Qc7 Rc8 31. Qe7 Rce8 32. Qc7 Rc8 33. Qe7
1/2-1/2

[Event "FBL 1"]
[Site "?"]
[Date "2019.03.02"]
[Round "10.1"]
[White "Burchardt, Brigitte"]
[Black "Bluhm, Sonja Maria"]
[Result "0-1"]
[WhiteElo "2158"]
[BlackElo "2222"]
[PlyCount "154"]
[EventDate "2018.10.27"]
[EventType "team-tourn"]
[EventCountry "GER"]
[WhiteTeam "Berlin SC Rotation Pankow"]
[BlackTeam "Hofheim SV"]
[WhiteTeamCountry "GER"]
[BlackTeamCountry "GER"]

1. e4 e5 2. Bc4 Nf6 3. d3 Nc6 4. Nf3 Bc5 5. O-O d6 6. c3 Bb6 7. h3 h6 8. Re1
Qe7 9. Be3 g5 10. Nbd2 g4 11. hxg4 Bxg4 12. Qa4 Bd7 13. Bxb6 Nd4 14. Qd1 Nxf3+
15. Qxf3 axb6 16. d4 Rg8 17. Bf1 Ng4 18. g3 h5 19. Bg2 h4 20. Nf1 Rg6 21. Qd3
Qf6 22. Re2 Nh6 23. f4 hxg3 24. f5 Rg8 25. Re3 O-O-O 26. a4 exd4 27. cxd4 d5
28. a5 b5 29. a6 bxa6 30. e5 Qxf5 31. Nxg3 Qxd3 32. Rxd3 Rg6 33. Kf2 Ng4+ 34.
Ke2 b4 35. Bxd5 Bb5 36. Be4 Rgg8 37. Nf5 Rh8 38. Rg1 Rh2+ 39. Kf3 Bxd3 40. Bxd3
Rh3+ 41. Ke2 Rh2+ 42. Ke1 Nxe5 43. Bxa6+ Kd7 44. dxe5 Ra8 45. Be2 Ra1+ 46. Bd1
Rxb2 47. Ne3 c5 48. Rf1 Ke6 49. Rf6+ Kxe5 50. Rxf7 Ke4 51. Nf1 Kd3 52. Rd7+ Kc4
53. Ne3+ Kb5 54. Rb7+ Kc6 55. Rf7 b3 56. Rf6+ Kb5 57. Rf8 Rc1 58. Rb8+ Kc6 59.
Nf1 Kc7 60. Rb5 Rbb1 61. Ne3 Kc6 62. Rb8 c4 63. Kd2 c3+ 64. Kd3 Rxd1+ 65. Kxc3
Rdc1+ 66. Kd2 Rh1 67. Nc4 Rh2+ 68. Kd3 Rh3+ 69. Kd2 Rh2+ 70. Kd3 Kc5 71. Rc8+
Kd5 72. Rd8+ Kc6 73. Rb8 Rd1+ 74. Kc3 Rc1+ 75. Kb4 Rh4 76. Kxb3 Rhxc4 77. Rc8+
Kd5 0-1

[Event "FBL 1"]
[Site "?"]
[Date "2019.03.02"]
[Round "10.6"]
[White "Barpiyeva, Gulsana"]
[Black "Mai, Iris"]
[Result "0-1"]
[WhiteElo "2028"]
[BlackElo "2035"]
[PlyCount "88"]
[EventDate "2018.10.27"]
[EventType "team-tourn"]
[EventCountry "GER"]
[WhiteTeam "Hofheim SV"]
[BlackTeam "Berlin SC Rotation Pankow"]
[WhiteTeamCountry "GER"]
[BlackTeamCountry "GER"]

1. d4 d5 2. c4 e6 3. Nc3 c6 4. e3 Nf6 5. Nf3 Nbd7 6. Bd3 Be7 7. O-O O-O 8. b3
Re8 9. Bb2 b6 10. Rc1 Bb7 11. Qe2 Bd6 12. Rfd1 Qe7 13. cxd5 exd5 14. Nh4 Qd8
15. Nf5 Bf8 16. Qc2 g6 17. Ng3 Rc8 18. Qb1 Ng4 19. Re1 Qh4 20. Nf1 Qxf2+ 21.
Kh1 Qh4 22. Re2 Nf2+ 23. Kg1 Nxd3 24. Qxd3 Nf6 25. Rce1 Ne4 26. Nxe4 Qxe4 27.
Qc3 a5 28. Ng3 Qg4 29. a3 h5 30. Rf2 Ba6 31. Ne2 Bxe2 32. Rfxe2 Re4 33. Rf2 Qe6
34. Bc1 Bh6 35. Rc2 h4 36. Qd3 h3 37. g3 Bg7 38. Rd1 Bf6 39. Bd2 Re8 40. Rdc1
Qg4 41. Qf1 Bg5 42. Rxc6 Rxe3 43. Be1 Rf3 44. Bf2 Rxf2 0-1

[Event "FBL 1"]
[Site "?"]
[Date "2019.03.02"]
[Round "10.1"]
[White "Javakhishvili, Lela"]
[Black "Georgescu, Lena"]
[Result "1-0"]
[WhiteElo "2455"]
[BlackElo "2185"]
[PlyCount "73"]
[EventDate "2018.10.27"]
[EventType "team-tourn"]
[EventCountry "GER"]
[WhiteTeam "Schwaebisch Hall SK"]
[BlackTeam "Karlsruher SF"]
[WhiteTeamCountry "GER"]
[BlackTeamCountry "GER"]

1. d4 Nf6 2. c4 e6 3. Nf3 b6 4. g3 Bb4+ 5. Nbd2 Bb7 6. Bg2 O-O 7. O-O d5 8. Ne5
Qc8 9. Ndf3 dxc4 10. Nxc4 Bd5 11. Qc2 Qb7 12. Bf4 Be4 13. Qb3 Be7 14. Rac1 Nbd7
15. Ncd2 Bd5 16. Qc2 c5 17. e4 Bc6 18. Rfe1 Rac8 19. Ne5 Nxe5 20. dxe5 Nd7 21.
Nc4 Qc7 22. h4 Rcd8 23. Red1 Ba8 24. Qe2 Nb8 25. Nd6 Nc6 26. Qg4 Kh8 27. Qh5
Kg8 28. Bh3 Bxd6 29. exd6 Qb7 30. Bg2 Nd4 31. Rxd4 cxd4 32. Rc7 Qa6 33. Be5 f6
34. Qg4 Rf7 35. Qxe6 Rdf8 36. Rxf7 Rxf7 37. d7 1-0

[Event "FBL 1"]
[Site "?"]
[Date "2019.03.02"]
[Round "10.2"]
[White "Muetsch, Annmarie"]
[Black "Cornette, Deimante"]
[Result "0-1"]
[WhiteElo "2249"]
[BlackElo "2457"]
[PlyCount "88"]
[EventDate "2018.10.27"]
[EventType "team-tourn"]
[EventCountry "GER"]
[WhiteTeam "Karlsruher SF"]
[BlackTeam "Schwaebisch Hall SK"]
[WhiteTeamCountry "GER"]
[BlackTeamCountry "GER"]

1. e4 c5 2. Nf3 Nc6 3. Bb5 g6 4. Bxc6 dxc6 5. d3 Bg7 6. h3 Nf6 7. Nc3 Nd7 8.
O-O e5 9. Be3 b6 10. Qd2 h6 11. Nh2 Nf8 12. f4 exf4 13. Bxf4 Ne6 14. Bg3 c4 15.
Nf3 cxd3 16. cxd3 Ba6 17. Rfd1 c5 18. Kh1 O-O 19. Be5 Bxe5 20. Nxe5 Qg5 21.
Qxg5 hxg5 22. Nd7 Rfd8 23. Nf6+ Kg7 24. Nfd5 Rh8 25. Kg1 Rad8 26. a4 Nf4 27.
Nxf4 gxf4 28. Nd5 f3 29. a5 Bb7 30. Nc3 fxg2 31. axb6 axb6 32. Kxg2 Bc8 33. Nd5
Bxh3+ 34. Kg3 Be6 35. Nxb6 Rh3+ 36. Kf2 Rhxd3 37. Rxd3 Rxd3 38. Na4 Rd2+ 39.
Ke3 Rc2 40. Ra3 Bd7 41. b3 Bb5 42. e5 g5 43. Ra1 Re2+ 44. Kf3 Rxe5 0-1

[Event "FBL 1"]
[Site "?"]
[Date "2019.03.02"]
[Round "10.3"]
[White "Kashlinskaya, Alina"]
[Black "Schmidt, Jessica"]
[Result "1-0"]
[WhiteElo "2470"]
[BlackElo "2240"]
[PlyCount "85"]
[EventDate "2018.10.27"]
[EventType "team-tourn"]
[EventCountry "GER"]
[WhiteTeam "Schwaebisch Hall SK"]
[BlackTeam "Karlsruher SF"]
[WhiteTeamCountry "GER"]
[BlackTeamCountry "GER"]

1. d4 g6 2. c4 Bg7 3. e4 d6 4. Nf3 e5 5. dxe5 dxe5 6. Qxd8+ Kxd8 7. Nc3 c6 8.
b4 f6 9. Nd2 Nh6 10. Nb3 Nf7 11. Be2 Ke7 12. b5 Ng5 13. O-O Ne6 14. bxc6 bxc6
15. Rd1 Rd8 16. Ba3+ Ke8 17. Rxd8+ Kxd8 18. Rd1+ Ke8 19. Bg4 Na6 20. Bd6 Bf8
21. Bxe6 Bxe6 22. Bxf8 Kxf8 23. Rd6 Bxc4 24. Rxc6 Bxb3 25. Rxf6+ Kg8 26. Rxa6
Rc8 27. axb3 Rxc3 28. h4 Rxb3 29. Rxa7 Rb5 30. Kh2 Rb6 31. Re7 Rb5 32. Kh3 h5
33. f3 Kf8 34. Rd7 Ke8 35. Rg7 Rb6 36. g4 hxg4+ 37. Kxg4 Kf8 38. Ra7 Rf6 39.
Ra5 Re6 40. Kg5 Kg7 41. Ra7+ Kg8 42. Rb7 Ra6 43. Re7 1-0

[Event "FBL 1"]
[Site "?"]
[Date "2019.03.02"]
[Round "10.4"]
[White "Heinatz, Gundula"]
[Black "Atalik, Ekaterina"]
[Result "0-1"]
[WhiteElo "2174"]
[BlackElo "2450"]
[PlyCount "67"]
[EventDate "2018.10.27"]
[EventType "team-tourn"]
[EventCountry "GER"]
[WhiteTeam "Karlsruher SF"]
[BlackTeam "Schwaebisch Hall SK"]
[WhiteTeamCountry "GER"]
[BlackTeamCountry "GER"]

1. d4 Nf6 2. Nf3 g6 3. g3 d5 4. Bg2 Bg7 5. O-O O-O 6. c4 dxc4 7. Na3 c3 8. bxc3
c5 9. Rb1 Nc6 10. Rb5 cxd4 11. Nxd4 Nxd4 12. cxd4 a6 13. Rb3 Bf5 14. Rxb7 Rc8
15. Qa4 Ne4 16. Bb2 e5 17. g4 exd4 18. gxf5 Nc5 19. Qb4 Nxb7 20. Bxb7 Rb8 21.
Nc4 Qg5+ 22. Kh1 Qxf5 23. Ba3 Rfd8 24. Nd6 Qe6 25. Qa5 Rxd6 26. Bxd6 Qxd6 27.
Qd5 Qb6 28. Bc6 Rd8 29. Qe4 Qc5 30. Rb1 d3 31. exd3 Qxf2 32. Bd5 Bh6 33. Rd1
Bf4 34. Qf3 0-1

[Event "FBL 1"]
[Site "?"]
[Date "2019.03.02"]
[Round "10.5"]
[White "Bulmaga, Irina"]
[Black "Mader, Manuela"]
[Result "1-0"]
[WhiteElo "2424"]
[BlackElo "2156"]
[PlyCount "81"]
[EventDate "2018.10.27"]
[EventType "team-tourn"]
[EventCountry "GER"]
[WhiteTeam "Schwaebisch Hall SK"]
[BlackTeam "Karlsruher SF"]
[WhiteTeamCountry "GER"]
[BlackTeamCountry "GER"]

1. e4 c6 2. d4 d5 3. exd5 cxd5 4. Bd3 Nc6 5. c3 Qc7 6. Na3 a6 7. Nc2 g6 8. Ne2
Bf5 9. Bxf5 gxf5 10. Bf4 Qd7 11. Qd3 e6 12. O-O-O O-O-O 13. Kb1 Nf6 14. f3 Rg8
15. Be5 Be7 16. Ne3 b5 17. Bxf6 Bxf6 18. g4 fxg4 19. fxg4 Bg5 20. Nc2 Rg7 21.
h4 Be7 22. Ne3 Rh8 23. Nf4 Qd8 24. Rdf1 Rf8 25. g5 Bd6 26. Nh5 Rg6 27. Nf6 h6
28. Nh7 Rh8 29. Rxf7 Qg8 30. h5 Rxg5 31. Nxg5 Qxg5 32. a4 Bf4 33. axb5 Nd8 34.
Rxf4 Qxf4 35. bxa6 Rg8 36. Rf1 Qd6 37. a7 Qc6 38. c4 Qa6 39. Nxd5 exd5 40. Qf5+
Ne6 41. a8=Q+ 1-0

[Event "FBL 1"]
[Site "?"]
[Date "2019.03.02"]
[Round "10.4"]
[White "Brandt, Carina"]
[Black "Vidonyak, Nellya"]
[Result "0-1"]
[WhiteElo "2076"]
[BlackElo "2111"]
[PlyCount "136"]
[EventDate "2018.10.27"]
[EventType "team-tourn"]
[EventCountry "GER"]
[WhiteTeam "Norderstedt TuRa Harksheide"]
[BlackTeam "Muenchen FC Bayern"]
[WhiteTeamCountry "GER"]
[BlackTeamCountry "GER"]

1. e4 d6 2. d4 Nf6 3. Nc3 Nbd7 4. Nf3 e5 5. g4 g6 6. g5 Nh5 7. Be3 c6 8. Be2
Be7 9. h4 a6 10. a4 a5 11. Nh2 Nf4 12. Bxf4 exf4 13. Qd2 h6 14. Qxf4 hxg5 15.
hxg5 Nf8 16. Qg3 Bxg5 17. Qg1 Bf4 18. Nf3 Rxh1 19. Qxh1 Qb6 20. Rb1 g5 21. Qh8
g4 22. Nd2 Be6 23. Nc4 Bxc4 24. Bxc4 O-O-O 25. Qf6 Bh2 26. Bxf7 g3 27. Qh4 Qxd4
28. fxg3 Qg1+ 29. Kd2 Qd4+ 30. Ke2 Bg1 31. Qg4+ Kc7 32. Qf3 Nd7 33. Rd1 Qc5 34.
Be6 Rf8 35. Bf5 Rh8 36. Bxd7 Rh2+ 37. Ke1 Rf2 38. Qd3 Kxd7 39. Rd2 Rf7 40. Re2
Bd4 41. Nd1 Be5 42. Qb3 Qb4+ 43. Qxb4 Bxg3+ 44. Kd2 axb4 45. Rg2 Be5 46. b3 Bd4
47. Kd3 c5 48. Rg6 Rf3+ 49. Ke2 Rf4 50. Kd3 Rh4 51. Rg2 Rh3+ 52. Ke2 Ke6 53.
Rg4 Ke5 54. Kd2 Bc3+ 55. Ke2 Rh2+ 56. Nf2 Bd4 57. Rg5+ Ke6 58. Rf5 d5 59. Rxd5
Rxf2+ 60. Kd3 b6 61. Rh5 Rf3+ 62. Kc4 Rc3+ 63. Kb5 Rxc2 64. Rh6+ Ke5 65. Rxb6
c4 66. a5 cxb3 67. Ka4 Bxb6 68. Kxb3 Rc6 0-1